000 00622nam a2200229Ia 4500
003 OSt
005 20221007071214.0
006 a|||||r|||| 00| 0
007 ta
008 221006b |||||||| |||| 00| 0 eng d
024 _a11,181
037 _cTextual
040 _aFLL
_cFLL
_beng
041 _2eng
_aeng
082 _aT40Y1:433.2.N5, K9
100 _aBlaug Mark
245 0 _aCauses of graduate unemployment in India
260 _aLondon
_bAllen Lane press London
_c1969
300 _axvii,312p
_ccm.
942 _hT40Y1:433.2.N5, K9
_cTEXL
_2CC
999 _c1142759
_d1142759